| 000 | 00511nam a22001577a 4500 | ||
|---|---|---|---|
| 003 | OSt | ||
| 008 | 250830b |||||||| |||| 00| 0 eng d | ||
| 041 | _aeng | ||
| 082 |
_a510 _bNAI/CO |
||
| 100 |
_aNair, R.C. _97798 |
||
| 245 |
_aComputer vegathil kankku cheyyam / _bകമ്പ്യൂട്ടര് വേഗത്തില് കണക്കു ചെയ്യാം |
||
| 260 |
_aThiruvananthapuram : _bChintha Publishers, _c2024. |
||
| 300 | _a136 p. | ||
| 650 |
_aMathematics _96004 |
||
| 942 | _cBK | ||
| 999 |
_c19487 _d19487 |
||